000 00632nam a2200181 a 4500
008 120416s1964 ||||||||||||||||| || u
050 _aHC 800 Eco
100 _aHerskovits, Melville Jean
245 1 0 _aEconomic transition in Africa
246 _aMelville J. Herkovits
260 _aLondon
_bRoutledge and Kegan Paul
_c1964
300 _axviii, 44p. : ill
350 _a0.00
650 _aECONOMIC TRANSITION--AFRICA
650 0 _aECONOMICS
700 _aHarwitz, Mitchell
995 _D0.00
_FCBU-MAIN LIBRARY (Kitwe)
_H1
_I0.00
_UAVAILABLE
_ZAnnex Low-Usage Collection
999 _c40939
_d40939